000 00606nam a22002057a 4500
003 OSt
005 20140310182934.0
008 130201t xxu||||| |||| 00| 0 eng d
020 _a9715423574
050 _aGR325 .
_b.Eu87 2005
082 _aFIL 398.599
_bP552 2005
245 _aPhilippine folk literature :
_bthe legends /
_cEugenio, Damiana L.
260 _aQuezon City :
_bThe \\U.P. Folklorists, Inc., Folklore Studies Program,
_cc1987.
300 _alx, 478 p. ;
_c29 cm.
521 _acollege students
526 _c1210L-1700L
541 _j1
562 _e1
942 _2lcc
_cBK
_kFIL
999 _c17584
_d17584